000 00563nam a2200229Ia 4500
003 OSt
005 20221005130745.0
006 a|||||r|||| 00| 0
007 ta
008 221004b |||||||| |||| 00| 0 guj d
024 _a45978
037 _cTextual
040 _aCRL
_cCRL
_bguj
041 _2guj
_aguj
082 _aO156,4x, L6
100 _aShah Ramanlal C.
_9638616
245 0 _aSamaysundar
260 _c1968
650 _aGUJRATI LITERATURE
942 _hO156,4x, L6
_cTEXL
_2cc
999 _c1058315
_d1058315